000 00948nam a22002897a 4500
001 BR8108799
003 BR-BrBNA
005 20230928091213.0
007 ta
008 230509b bl.||||| |||| 00| 0 por d
040 _aBR-BrBNA
_bpor
_cBiblioteca Nacional de Agricultura
041 _a(Por)
072 _aF01
_b/G514
090 _ F01 BR8108799
110 1 _aComissao Estadual de Planejamento Agricola, Manaus, AM (Brasil)
_92054
245 1 _aCaracterizacao do processo de producao agricola no medio amazonas. V. 1. Modelos de producao mais frequentes. Anexo 1. Orcamentos das culturas e requerimentos de mao-de-obra por unidade de area. Safra 1979/80 [Brasil]
260 3 _aManaus, AM (Brasil):
_c1981.
300 _a145 p.
500 _a43 tables
650 _aPRODUCAO VEGETAL
650 _aCOLHEITA
650 _aPLANTIO
650 _aORCAMENTO
650 _aAMAZONAS
909 _a202309
_bLucia
_c55
_dLucia Elande
942 _cBK
999 _c32813
_d32813